[Event "ESP-ch U18"]
[Site "Salobrena"]
[Date "2021.07.26"]
[Round "2"]
[White "Luque Saiz, Andres"]
[Black "Bosch Jorda, Ricard"]
[Result "1-0"]
[WhiteElo "2131"]
[BlackElo "1862"]
[PlyCount "81"]
[EventDate "2021.07.26"]
[EventType "swiss"]
[EventRounds "9"]
[EventCountry "ESP"]
[SourceTitle "CBM 203 Extra"]
[Source "ChessBase"]
[SourceDate "2021.09.30"]
[SourceVersion "1"]
[SourceVersionDate "2021.09.30"]
[SourceQuality "1"]

1. e4 e5 2. Nf3 Nf6 3. d4 Nxe4 4. Bd3 d5 5. dxe5 Nc5 6. Be2 Be7 7. 0-0 0-0 8. Bf4 Ne6 9. Bg3 c5 10. c4 dxc4 11. Bxc4 Qxd1 12. Rxd1 Nc6 13. Nc3 Ned4 14. Nxd4 Nxd4 15. Nb5 Nxb5 16. Bxb5 Be6 17. Bd7 Rfd8 18. Bxe6 fxe6 19. Kf1 Rxd1+ 20. Rxd1 Rd8 21. Rxd8+ Bxd8 22. f4 b5 23. Bf2 Be7 24. Ke2 h5 25. Kd3 Kf7 26. Ke4 g6 27. h3 a6 28. g4 hxg4 29. hxg4 Bf8 30. f5 gxf5+ 31. gxf5 Be7 32. Be3 Bf8 33. Bg5 Be7 34. fxe6+ Kxe6 35. Bxe7 Kxe7 36. Kd5 c4 37. a3 a5 38. Kc5 b4 39. axb4 axb4 40. Kxc4 Ke6 41. Kxb4 1-0

[Event "Benimodo Igualtat"]
[Site "Benimodo"]
[Date "2018.08.15"]
[Round "2.7"]
[White "Chernikov, Vladimir"]
[Black "Bosch Jorda, Ricard"]
[Result "1-0"]
[WhiteElo "2150"]
[BlackElo "1835"]
[PlyCount "41"]
[EventDate "2018.08.14"]
[EventType "swiss"]
[EventRounds "7"]
[EventCountry "ESP"]
[SourceTitle "EXT 2024"]
[Source "ChessBase"]
[SourceDate "2023.10.10"]
[SourceVersion "1"]
[SourceVersionDate "2023.10.10"]
[SourceQuality "1"]

1. Nf3 Nf6 2. b3 e6 3. Bb2 c5 4. e3 Nc6 5. d4 d5 6. Bd3 Be7 7. 0-0 0-0 8. a3 b6 9. Ne5 Qc7 10. Nd2 Nb8 11. f4 Nbd7 12. Rf3 Bb7 13. Rh3 Ne4 14. Nxd7 Qxd7 15. dxc5 f5 16. Nxe4 dxe4 17. Bc4 Qxd1+ 18. Rxd1 Rad8 19. Bxe6+ Kh8 20. Rxd8 Bxd8 21. Rh5 1-0

[Event "Benimodo Igualtat"]
[Site "Benimodo"]
[Date "2018.08.15"]
[Round "3.6"]
[White "Pena Riasco, Alexander"]
[Black "Bosch Jorda, Ricard"]
[Result "1-0"]
[WhiteElo "2137"]
[BlackElo "1835"]
[PlyCount "49"]
[EventDate "2018.08.14"]
[EventType "swiss"]
[EventRounds "7"]
[EventCountry "ESP"]
[SourceTitle "EXT 2024"]
[Source "ChessBase"]
[SourceDate "2023.10.10"]
[SourceVersion "1"]
[SourceVersionDate "2023.10.10"]
[SourceQuality "1"]

1. d4 Nf6 2. Bf4 e6 3. e3 c5 4. Nd2 Be7 5. c3 b6 6. h3 Bb7 7. Ngf3 d6 8. Bd3 Nbd7 9. 0-0 0-0 10. a4 d5 11. Qb1 a6 12. Bh2 c4 13. Bc2 b5 14. Ne1 b4 15. f3 b3 16. Bd1 Ne8 17. e4 f5 18. exf5 Rxf5 19. f4 Bd6 20. Bg4 Rf6 21. Nef3 Bxf4 22. Bxf4 Rxf4 23. Bxe6+ Kh8 24. Ne5 Rxf1+ 25. Qxf1 1-0

[Event "Mislata op-C 51st"]
[Site "Mislata"]
[Date "2017.08.13"]
[Round "9.5"]
[White "Bosch Jorda, Ricard"]
[Black "Sapena Molla, Vicente"]
[Result "1-0"]
[WhiteElo "1601"]
[BlackElo "1733"]
[PlyCount "78"]
[EventDate "2017.08.07"]
[EventType "swiss"]
[EventRounds "9"]
[EventCountry "ESP"]
[SourceTitle "EXT 2024"]
[Source "ChessBase"]
[SourceDate "2023.10.10"]
[SourceVersion "1"]
[SourceVersionDate "2023.10.10"]
[SourceQuality "1"]

1. e4 c5 2. Nf3 g6 3. d4 Bg7 4. Nc3 cxd4 5. Nxd4 Nc6 6. Nde2 d6 7. Be3 Nf6 8. g3 Bg4 9. Bg2 Ne5 10. h3 Bf3 11. 0-0 0-0 12. b3 Qd7 13. Bxf3 Nxf3+ 14. Kg2 Ne5 15. Rc1 b6 16. Nf4 Rac8 17. Qd2 Rc6 18. Nfd5 Rfc8 19. f4 Neg4 20. Bd4 Nxd5 21. Nxd5 Bxd4 22. c3 Nf6 23. Qxd4 Nxd5 24. exd5 Rc5 25. f5 f6 26. fxg6 hxg6 27. c4 Kg7 28. g4 Rh8 29. Rf3 Rcc8 30. g5 Rcf8 31. Rcf1 Rh5 32. h4 Qd8 33. Re1 Kh7 34. Re6 fxg5 35. Qe4 Rf6 36. Rxe7+ Kh6 37. Rxf6 Qg8 38. Re8 Rxh4 39. Qxh4+ gxh4 1-0

[Event "Valencia Region-ch Primera"]
[Site "Valencia"]
[Date "2016.10.08"]
[Round "2"]
[White "Gines Pastor, Sergi"]
[Black "Bosch Jorda, Ricard"]
[Result "1-0"]
[WhiteElo "1829"]
[BlackElo "1666"]
[PlyCount "75"]
[EventDate "2016.10.01"]
[EventType "swiss"]
[EventRounds "7"]
[EventCountry "ESP"]
[SourceTitle "EXT 2024"]
[Source "ChessBase"]
[SourceDate "2023.10.10"]
[SourceVersion "1"]
[SourceVersionDate "2023.10.10"]
[SourceQuality "1"]

1. e4 c6 2. c4 d5 3. exd5 cxd5 4. d4 Nf6 5. Nc3 e6 6. Nf3 Bb4 7. Be2 0-0 8. 0-0 dxc4 9. Bxc4 h6 10. Bf4 Nbd7 11. Nb5 Nb6 12. Bc7 Qe7 13. Bd3 Nbd5 14. Be5 a6 15. a3 axb5 16. axb4 Bd7 17. Qe2 Qxb4 18. Nd2 Rxa1 19. Rxa1 Qxb2 20. Rb1 Qa2 21. Rb3 Rc8 22. h3 Bc6 23. Bb1 Qa5 24. Rg3 b4 25. Qd3 Bb5 26. Rxg7+ Kxg7 27. Qh7+ Kf8 28. Qh8+ Ng8 29. Bg7+ Ke8 30. Qxg8+ Kd7 31. Qxf7+ Kd8 32. Qxe6 Bd7 33. Qg8+ Be8 34. Nb3 Qb5 35. Bf5 Rc3 36. Nc5 Rc1+ 37. Kh2 Rxc5 38. dxc5 1-0

[Event "Sueca op 2nd"]
[Site "Sueca"]
[Date "2016.07.30"]
[Round "7.17"]
[White "Bosch Jorda, Ricard"]
[Black "Oltra Landete, Fidel"]
[Result "0-1"]
[WhiteElo "1684"]
[BlackElo "1908"]
[PlyCount "34"]
[EventDate "2016.07.25"]
[EventType "swiss"]
[EventRounds "8"]
[EventCountry "ESP"]
[SourceTitle "EXT 2024"]
[Source "ChessBase"]
[SourceDate "2023.10.10"]
[SourceVersion "1"]
[SourceVersionDate "2023.10.10"]
[SourceQuality "1"]

1. e4 c6 2. d4 d5 3. exd5 cxd5 4. c4 Nf6 5. Nc3 Nc6 6. Nf3 Bg4 7. Be2 e6 8. 0-0 Be7 9. h3 Bh5 10. Bf4 0-0 11. Rc1 dxc4 12. Bxc4 Bxf3 13. Qxf3 Qxd4 14. Bb5 Qb4 15. b3 Nd4 16. Qd3 Nxb5 17. Qxb5 Qxf4 0-1

[Event "Sueca op 2nd"]
[Site "Sueca"]
[Date "2016.07.25"]
[Round "1.11"]
[White "Alberola Mulet, Jairo"]
[Black "Bosch Jorda, Ricard"]
[Result "1-0"]
[WhiteElo "2208"]
[BlackElo "1684"]
[PlyCount "45"]
[EventDate "2016.07.25"]
[EventType "swiss"]
[EventRounds "8"]
[EventCountry "ESP"]
[SourceTitle "EXT 2024"]
[Source "ChessBase"]
[SourceDate "2023.10.10"]
[SourceVersion "1"]
[SourceVersionDate "2023.10.10"]
[SourceQuality "1"]

1. e4 c6 2. d4 d5 3. e5 Bf5 4. Nc3 e6 5. g4 Bg6 6. Nge2 h6 7. h4 c5 8. h5 Bh7 9. f4 Be7 10. Bg2 f6 11. 0-0 Nc6 12. Be3 Qd7 13. f5 fxe5 14. fxe6 Qxe6 15. Nxd5 0-0-0 16. dxe5 Nb4 17. Nef4 Qxe5 18. Qf3 Nc6 19. Rfe1 Bh4 20. Bf2 Bxf2+ 21. Qxf2 Qxb2 22. Ne6 Re8 23. Qf4 1-0